000 00293nam a2200109 a 4500
008 101213s1953|||| d
260 _bNaše vojsko
_aPraha
_c1953
020 _c30,80
245 1 0 _aMužské lidové tance
_bTaneční materiál pro vojenské soubory
044 _aCZ
041 _acze
999 _c14193
_d14193